Word-order in English and in Slovak: Principles and Means bakalárska práca

Salvato in:
Dettagli Bibliografici
Autore principale: Baginová, Lucia
Ente Autore: Fakulta aplikovaných jazykov EU v Bratislave. Katedra jazykovedy a translatológie
Altri autori: Breveníková, Daniela
Natura: Libro
Lingua:inglese
Pubblicazione: Bratislava 2012
Tags: Aggiungi Tag
Nessun Tag, puoi essere il primo ad aggiungerne!!

MARC

LEADER 00000nbm a2200000 4500
001 0153061
005 20161109111752.1
041 0 |a eng 
044 |a SK 
245 1 0 |a Word-order in English and in Slovak: Principles and Means  |b bakalárska práca  |c Lucia Baginová ; školiteľ: Daniela Breveníková 
264 1 |a Bratislava  |c 2012 
100 1 |a Baginová, Lucia 
700 1 |a Breveníková, Daniela 
710 2 |a Fakulta aplikovaných jazykov EU v Bratislave. Katedra jazykovedy a translatológie